00444nam a2200169Ia 4500003000400000005001700004008004100021040000700062041000800069082002500077100002600102245005300128260003800181300001100219365001400230650003000244OSt20230509115105.0210423s2003 xx 000 0 und d cAL aeng a574.80285 223bRASS aRASTOGI (S C);others. aBioinformatics concepts skills and applications. aNew DelhibCBS Publicationsc2003 axv,352 b1195cINR aTissue & Molecular Botany